000
00270nam a22001217a 4500
003
SGT
082
_a
370
_b
NAI
100
_a
NAIK, DR. PARUL S.
245
_a
COUNSELLING SKILLS FOR EDUCATIONIST
260
_a
JAIPUR
_b
ASD PUB.
_c
2013
300
_a
248
942
_2
ddc
_c
BK
999
_c
18979
_d
18979